Aplique.NET / (Record no. 117327)

MARC details
000 -CABECERA
campo de control de longitud fija 00619nam a2200205 a 4500
005 - FECHA Y HORA DE LA ÚLTIMA TRANSACCIÓN
campo de control 20210223125944.0
008 - ELEMENTOS DE LONGITUD FIJA--INFORMACIÓN GENERAL
campo de control de longitud fija 060606s2003 mx r 000 0 spa d
020 ## - NÚMERO INTERNACIONAL NORMALIZADO PARA LIBROS
Número Internacional Estándar del Libro 9702603854
035 ## - NÚMERO DE CONTROL DEL SISTEMA
Número de control de sistema UPN01000145180
049 ## - COLECCIÓN
Colección CG
050 #4 - SIGNATURA TOPOGRÁFICA DE LA BIBLIOTECA DEL CONGRESO
Número de clasificación QA76.76 M5.2
Número de documento/Ítem CH2.2
100 1# - ASIENTO PRINCIPAL--NOMBRE PERSONAL
Nombre de persona Chappell, David
245 10 - MENCIÓN DE TÍTULO
Título Aplique.NET /
Mención de responsabilidad, etc. David Chappell ; tr. David Garza Marín.
260 ## - PUBLICACIÓN, DISTRIBUCIÓN, ETC.
Lugar de publicación, distribución, etc. México :
Nombre del editor, distribuidor, etc. Pearson Educación,
Fecha de publicación, distribución, etc. 2003.
300 ## - DESCRIPCIÓN FÍSICA
Extensión 344 p. :
Otras características físicas il.
650 #4 - ASIENTO SECUNDARIO DE MATERIA - TERMINO TEMATICO
Término de materia o nombre geográfico como elemento de entrada MICROSOFT.NET FRAMEWORK
9 (RLIN) 10696
650 #4 - ASIENTO SECUNDARIO DE MATERIA - TERMINO TEMATICO
Término de materia o nombre geográfico como elemento de entrada PROGRAMACION EN INTERNET
9 (RLIN) 286
650 #4 - ASIENTO SECUNDARIO DE MATERIA - TERMINO TEMATICO
Término de materia o nombre geográfico como elemento de entrada PROGRAMAS PARA COMPUTADORA -
Subdivisión general DESARROLLO
9 (RLIN) 10697
905 ## - TIPO DE MATERIAL
Tipo de material Libro
Holdings
Estado de retiro Estado de pérdida Fuente del sistema de clasificación o colocación Estado dañado No para préstamo Código de colección Localización permanente Ubicación/localización actual Ubicación en estantería Total de préstamos Clasificación Código de barras Fecha visto por última vez Número de copia Tipo de ítem Koha
    Library of Congress Classification     Colección General Bib. Gregorio Torres Quintero Bib. Gregorio Torres Quintero Planta baja 2 QA76.76 M5.2 CH2.2 238323 31/12/2020 1 Libro